Interactions between soil structure and excess water formation on chernozem soils

Elmentve itt :
Bibliográfiai részletek
Szerzők: Gál Norbert
Farsang Andrea
Dokumentumtípus: Tanítási erőforrás
Kulcsszavak:talajtan
Tárgyszavak:
Online Access:http://eta.bibl.u-szeged.hu/4297
LEADER 00684nnm a2200193 i 4500
001 eta4297
005 20201212135004.0
008 201212suuuu hu o 0|| eng d
040 |a SZTE Elektronikus Tananyag Archívum  |b hun 
041 |a eng 
100 1 |a Gál Norbert 
245 1 0 |a Interactions between soil structure and excess water formation on chernozem soils  |h [elektronikus dokumentum] /  |c  Gál Norbert 
300 |a 1 
516 |a Teaching_resource 
650 4 |a Természettudományok 
650 4 |a Föld- és kapcsolódó környezettudományok 
695 |a talajtan 
700 0 1 |a Farsang Andrea  |e aut 
856 4 0 |u https://eta.bibl.u-szeged.hu/4297/1/2010-0012_15_02.pdf  |z Dokumentum-elérés